Environmental Taxes in Slovakia

Princípy slovenskej environmentálnej politiky. Environmentálne dane na Slovensku. Podiel daní s environmentálnym aspektom na HDP a podiel daní s environmentálnym aspektom na celkových daňových príjmoch.

Uložené v:
Podrobná bibliografia
Hlavný autor: Feranecová, Adela, 1986-
Médium: Kapitola
Jazyk:English
Predmet:
Tagy: Pridať tag
Žiadne tagy, Buďte prvý, kto otaguje tento záznam!

MARC

LEADER 00000nla a2200000 4500
001 0240469
005 20240502073916.2
041 0 |a eng 
044 |a SK 
245 1 0 |a Environmental Taxes in Slovakia  |c Adela Feranecová 
520 |a Princípy slovenskej environmentálnej politiky. Environmentálne dane na Slovensku. Podiel daní s environmentálnym aspektom na HDP a podiel daní s environmentálnym aspektom na celkových daňových príjmoch. 
610 2 0 |a dane ekologické 
610 2 0 |a prostredie životné 
610 2 0 |a zdaňovanie 
610 2 0 |a produkt národný hrubý 
100 1 |a Feranecová, Adela, 1986-